000 00394nam a2200169Ia 4500
003 0STCL
008 150530s9999 xx 000 0 und d
040 _aSTCL
_cSTCL
100 _aJohn paul II
245 _aPrathyaasayude Padivaathilil
260 _bMangalam Books ; Kottayam
_c1995
300 _a259
546 _aMalayalam
942 _2ddc
_cBK
999 _c3634
_d3634
005 20220125165337.0